000 00370nam a2200145Ia 4500
008 230917s9999||||xx |||||||||||||| ||und||
040 _e118211
_aMAIN
041 _aEnglish
082 _a587 P219B
100 _aParihar,N.S.
245 0 _aBiology & morphology of the pteridophyter
260 _aAllahabad
_bCentral Book depot
_c1973
300 _a660p. p.
942 _cBK
999 _c49091
_d49091